Historia de la teoria política / (Registro nro. 11740)

Detalles MARC
000 -LEADER
fixed length control field 01841nam a2200337 4500
001 - CONTROL NUMBER
control field 0000021989
003 - CONTROL NUMBER IDENTIFIER
control field CO-CtgCURN
005 - DATE AND TIME OF LATEST TRANSACTION
control field 20250329191030.0
007 - PHYSICAL DESCRIPTION FIXED FIELD--GENERAL INFORMATION
fixed length control field ta
008 - FIXED-LENGTH DATA ELEMENTS--GENERAL INFORMATION
fixed length control field 160627s1994 000 0 eng d
020 ## - INTERNATIONAL STANDARD BOOK NUMBER
International Standard Book Number 968164199X
040 ## - CATALOGING SOURCE
Original cataloging agency CO-CtgCURN
Language of cataloging spa
Transcribing agency coctgcurn
082 0# - DEWEY DECIMAL CLASSIFICATION NUMBER
Classification number 320.9
Item number S116h
100 1# - MAIN ENTRY--PERSONAL NAME
Personal name Sabine, George H.
245 10 - TITLE STATEMENT
Title Historia de la teoria política /
Statement of responsibility, etc. George Holland Sabine , traducción de Vicente Herrero , revisada por Thomas Landon Thorson.
250 ## - EDITION STATEMENT
Edition statement 3a. ed.
260 ## - PUBLICATION, DISTRIBUTION, ETC.
Place of publication, distribution, etc. Mexico :
Name of publisher, distributor, etc. Fondo de Cultura Economica,
Date of publication, distribution, etc. 1994.
300 ## - PHYSICAL DESCRIPTION
Extent 697 p.
336 ## - CONTENT TYPE
Source rdacontent
337 ## - MEDIA TYPE
Source rdamedia
Media type term sin mediacion
Media type code n
338 ## - CARRIER TYPE
Source rdacarrier
Carrier type term volumen
Carrier type code nc
490 1# - SERIES STATEMENT
Series statement Sección de obras de política y derecho
500 ## - GENERAL NOTE
General note Incluye indice\Titulo original. : A history of polítical theory.
505 8# - FORMATTED CONTENTS NOTE
Formatted contents note La teoria de la ciudad y el estado.--El contexto de la economia economica.--El desarrollo de la civilizacion antes los griegos.--La invencion de la filosofia política.--La ciudad y Estado.--clases sociales.--Instituciones políticas.--El hombre honrado es el noble de la naturaleza.--Socrates.--Platon.--Republica.--La omision del derecho.--Señor y vasallo.--Marsilio de Padua y Guillermo de Occam.--El Estado.--Maquiavelo.--Las guerras de religion en Francia.--Los Jesuitas y poder indirecto del Papa.--Jacabo I.--La utupia de Tomas Moro.--Thomas Hobbes.--Radicalismo y Comunismo.--La voluntad general.--Hegel. Dialectica y Nacionalismo.--Liberalismo.--Marx El comunismo.--Fascismo
650 14 - SUBJECT ADDED ENTRY--TOPICAL TERM
Topical term or geographic name entry element Ciencia política
Form subdivision Historia.
700 1# - ADDED ENTRY--PERSONAL NAME
Personal name Herrero, Vicente,
Relator term Traductor.
908 ## - PUT COMMAND PARAMETER (RLIN)
Put command parameter 160627
942 ## - ADDED ENTRY ELEMENTS (KOHA)
Koha item type Libros
Classification part 320.9
Item part S116h
Source of classification or shelving scheme Dewey Decimal Classification
Existencias
Withdrawn status Lost status Source of classification or shelving scheme Damaged status Not for loan Collection Home library Current library Shelving location Date acquired Inventory number Total checkouts Full call number Barcode Date last seen Copy number Price effective from Koha item type Public note
    Dewey Decimal Classification     General Miguel Henríquez Castañeda Miguel Henríquez Castañeda General 03/29/2025 012970   320.9 S116h 012970 03/29/2025 ej.1 03/29/2025 Libros 320-CIENPO
    Dewey Decimal Classification     General Miguel Henríquez Castañeda Miguel Henríquez Castañeda General 03/29/2025 012971   320.9 S116h 012971 03/29/2025 ej.2 03/29/2025 Libros 320-CIENPO